Statistics for Halo 3 Campaign Levels

Click here to take the quiz!

General Stats

  • This quiz has been taken 602 times
  • The average score is 7 of 10

Answer Stats

HintAnswer% Correct
"Light the ring. Destroy the Flood."Halo
85%
"Cleanse High Charity. Save Cortana."Cortana
81%
"Search the waste for the Cartographer."The Ark
75%
"Breach the barrier. Stop Truth."The Covenant
68%
"Rise up. Start the fight."Sierra 117
67%
"Clear the base, whatever it takes."Crow's Nest
64%
"Stop the infestation. Find Cortana."Floodgate
62%
"Mount up. Get to Voi."Tsavo Highway
62%
"Reclaim the city. Make a hole."The Storm
57%
"Brace for Impact."Arrival
45%

Score Distribution

Percentile by Number Answered

Percent of People with Each Score

Your Score History

You have not taken this quiz